000 00516nam a2200193Ia 4500
003 OSt
005 20191224121602.0
008 190216s9999||||xx |||||||||||||| ||und||
020 _a9780070668072
040 _coclc
082 _a339
_bGUP/M
100 _aGupta, G S
_9723
245 0 _aMacroeconomics /
_cG S Gupta
250 _a3rd ed.
260 _bTata Mcgrawhill Publishers,
_c2008.
_aNew Delhi:
300 _a532p
650 _aEconomics
942 _cBK
_2ddc
_h339
_iGUP/M
_k339
_mGUP/M
999 _c11174
_d11174